| 000 | 01591nam0a2200349 4500 | ||
|---|---|---|---|
| 001 | RU\NLR\bibl\1476357 | ||
| 005 | 20260405195516.0 | ||
| 010 |
_a978-5-91366-114-2 _9300 |
||
| 021 |
_aRU _b2009-103627 _96600 |
||
| 035 | _a(nilc)RSL-KNO-004501318 | ||
| 035 | _a(NLR Aleph) 001468024 | ||
| 090 |
_a1625551 _c1625551 |
||
| 100 | _a20091221d2009 |||y0rusy50 ca | ||
| 101 | 0 | _arus | |
| 102 | _aRU | ||
| 105 | _aa zzzz||||| | ||
| 200 | 1 |
_aБольшой театр моими глазами _fХристо Сыбев Христов |
|
| 210 |
_aМосква _cУ Никитских ворот _d2009 |
||
| 215 |
_a159 с. _cцв. портр., факс. _d20 |
||
| 600 | 1 |
_aХристов _bХ.С. _f1940 _gХристо Сыбев _92599479 _3RU\NLR\auth\661536037 |
|
| 601 | 0 | 2 |
_aГосударственный академический Большой театр России _92082038 _3RU\NLR\auth\661258049 |
| 686 |
_aЩ335.413(2Р=Р)7-692Москва8Большой театр.я6 _2rubbk |
||
| 686 |
_aЩ163(4Бл)7-8Христов Х.С.43я6 _2rubbk |
||
| 686 | _aЩ335.423(2Р=Рус)7-692Москва8ГАБТ | ||
| 686 | _aЧ612.3(4Бл)6-8Христов | ||
| 700 | 1 |
_4070 _8rus _7ca _aХристов _bХ. С. _gХристо Сыбев _3RU\NLR\auth\7787173 _970101 |
|
| 801 | 0 |
_aRU _bRuMoRGB _c20091221 _grcr |
|
| 801 | 1 |
_aRU _bRuMoRGB _c20091221 |
|
| 801 | 2 |
_aRU _bNLR _c20100225 _grcr |
|
| 942 | _cBOOK | ||
| 980 | _aNB | ||